Разработка устройств для формирования, обработки оптических импульсов, их ввода в световод или передачи через локальные участки трассы с повышенным коэффициентом поглощения: отчет о НИР/НИОКР

Bibliographische Detailangaben
1. Verfasser: Власов В. А. Виктор Алексеевич
Weitere Verfasser: Мышкин В. Ф. Вячеслав Фёдорович, Моторин А. Н. Анатолий Николаевич
Zusammenfassung:Заглавие с титульного листа
Цель: изучение возможности уменьшения потерь энергии лазерного излучения при передаче его через локальные участки трассы с повышенным коэффициентом ослабления. Изучены особенности влияния светоослабляющих объектов на прохождение потоков лазерного излучения в условиях их когерентного взаимодействия. При этом формировали два когерентных пучка с помощью гелий-неонового лазера, которые сводили в общем объеме, содержащем светоослабляющие объекты. Регистрировали мощность прошедшего потока при различных условиях трассы. Также производили расчет коэффициента потерь, для условий проведения эксперимента, при заданных параметрах интерферирующих пучков. Установлено, что путем изменения во времени сдвига фаз взаимодействующих потоков лазерного излучения можно уменьшить потери мощности. Устройство для формирования заданных параметров когерентных пучков может быть изготовлено в виде переносного прибора с малой потребляемой мощностью и габаритами
Режим доступа: по договору с организацией-держателем ресурса
Sprache:Russisch
Veröffentlicht: Томск, 2004
Schlagworte:
Online-Zugang:http://www.runiokr.info/niokr/razrabotka-ustroystv-dlya-formirovaniya-obrabotki-opticheskih-impulsov-ih-vvoda-v-svetovod-ili-peredacha-cherez-lokalnye-uchastki-trassy-s-povyshennym.html
Format: MixedMaterials Elektronisch Buch
KOHA link:https://koha.lib.tpu.ru/cgi-bin/koha/opac-detail.pl?biblionumber=636963

MARC

LEADER 00000nlm0a2200000 4500
001 636963
005 20240125104135.0
029 0 0 |a RU  |b 01200312667  |f TPU 
035 |a (RuTPU)RU\TPU\network\1031 
035 |a RU\TPU\network\658 
090 |a 636963 
100 |a 20140421d2004 k y0rusy50 ca 
101 0 |a rus 
102 |a RU 
105 |a a p 000zy 
135 |a drnn ---uucaa 
181 0 |a i  
182 0 |a b 
200 1 |a Разработка устройств для формирования, обработки оптических импульсов, их ввода в световод или передачи через локальные участки трассы с повышенным коэффициентом поглощения  |e отчет о НИР/НИОКР  |f В. А. Власов, В. Ф. Мышкин, А. Н. Моторин 
203 |a Текст  |c электронный 
210 |a Томск  |d 2004 
300 |a Заглавие с титульного листа 
330 |a Цель: изучение возможности уменьшения потерь энергии лазерного излучения при передаче его через локальные участки трассы с повышенным коэффициентом ослабления. Изучены особенности влияния светоослабляющих объектов на прохождение потоков лазерного излучения в условиях их когерентного взаимодействия. При этом формировали два когерентных пучка с помощью гелий-неонового лазера, которые сводили в общем объеме, содержащем светоослабляющие объекты. Регистрировали мощность прошедшего потока при различных условиях трассы. Также производили расчет коэффициента потерь, для условий проведения эксперимента, при заданных параметрах интерферирующих пучков. Установлено, что путем изменения во времени сдвига фаз взаимодействующих потоков лазерного излучения можно уменьшить потери мощности. Устройство для формирования заданных параметров когерентных пучков может быть изготовлено в виде переносного прибора с малой потребляемой мощностью и габаритами 
333 |a Режим доступа: по договору с организацией-держателем ресурса 
606 1 |a Лазерное излучение  |x (физика)  |2 stltpush  |3 (RuTPU)RU\TPU\subj\70186  |9 84633 
610 1 |a труды учёных ТПУ 
610 1 |a электронный ресурс 
610 1 |a отчеты о НИР 
610 1 |a импульсы 
610 1 |a оптические импульсы 
675 |a 535.37  |v 3 
700 1 |a Власов  |b В. А.  |c российский ученый в области физики и химии плазмы, молекулярной физики  |c профессор Томского политехнического университета  |c ректор Томского государственного архитектурно-строительного университета  |f 1958-  |g Виктор Алексеевич  |3 (RuTPU)RU\TPU\pers\26576  |9 12265 
701 1 |a Мышкин  |b В. Ф.  |c физик  |c профессор Томского политехнического университета, доктор физико-математических наук  |f 1962-  |g Вячеслав Фёдорович  |3 (RuTPU)RU\TPU\pers\26858  |9 12476 
701 1 |a Моторин  |b А. Н.  |c специалист в области военного дела  |c ведущий инженер Томского политехнического университета  |f 1955-  |g Анатолий Николаевич  |3 (RuTPU)RU\TPU\pers\31469  |9 15630 
801 2 |a RU  |b 63413507  |c 20160419  |g RCR 
856 4 |u http://www.runiokr.info/niokr/razrabotka-ustroystv-dlya-formirovaniya-obrabotki-opticheskih-impulsov-ih-vvoda-v-svetovod-ili-peredacha-cherez-lokalnye-uchastki-trassy-s-povyshennym.html 
942 |c CF